000 00631nam a2200181Ia 4500
008 090124s9999 xx 000 0 und d
082 _b26450
_a553
100 _aकुलकर्णी वसंत विष्णु
245 _a मराठी प्रबंध सुची
250 _a1
260 _c1991
300 _a224
600 _aकुलकर्णी वसंत विष्णु
630 _a मराठी प्रबंध सुची
700 _aकुलकर्णी वसंत विष्णु
730 _a मराठी प्रबंध सुची
942 _cBOOK
999 _c139923
_d139923